Riziko globálneho otepľovania pre vývoj trhu tovarov a služieb so zameraním na cestovný ruch prímorských oblastí
Na minha lista:
| Autor principal: | |
|---|---|
| Formato: | Capítulo de Livro |
| Idioma: | eslovaco |
| Assuntos: | |
| Tags: |
Sem tags, seja o primeiro a adicionar uma tag!
|
MARC
| LEADER | 00000nla a2200000 4500 | ||
|---|---|---|---|
| 001 | 0165871 | ||
| 005 | 20240502072905.5 | ||
| 041 | 0 | |a slo | |
| 044 | |a SK | ||
| 245 | 1 | 0 | |a Riziko globálneho otepľovania pre vývoj trhu tovarov a služieb so zameraním na cestovný ruch prímorských oblastí |c Juraj Litomerický |
| 500 | |a Prezentácia | ||
| 610 | 2 | 0 | |a ruch cestovný |
| 610 | 2 | 0 | |a more |
| 610 | 2 | 0 | |a dovolenka |
| 610 | 2 | 0 | |a trh tovarový |
| 610 | 2 | 0 | |a služby |
| 610 | 2 | 0 | |a zmeny klimatické |
| 100 | 1 | |a Litomerický, Juraj | |